Tractatus de beneficio deducto ne egeat, sive, Quaestiones utiles, et praticabiles, seu aurea notabilia, de ijs, qui non tenentur ultra quam facere possint, iusta eorum qualitatem. [...] suis copiosissimis quotidianis, et necessariis ampliationibus, et fallentijs dictatus, ac nonnullis decisionibus, tàm M. R. C. quàm aliorum tribunalium suis locis per annotatis noviter impressus / authore Io. Castagna, Caesarei, Pontificiiq[ue] iuris Doctore, regio consiliario in Tribunali M. R. C. olim iudice, eiusdem tribunalis paupeum advocato, & regiarum triremium regnorum hispaniarum, regnique Siciliae generali auditore, ac urb. felicissim[a]e Panormi aerario fiscali, siculo panormitano. [...] advocatis, caeterisq[ue] in iure versantibus [...] fori, et magistratus, optimè utilis, et necessarius, cum suis summarijs, ac indice rerum omnium locupletissimo

Detalles Bibliográficos
Autor principal: Castagna, Giovanni
Otros Autores: Maringo, Giovanni Battista, ed
Formato: Libro
Lenguaje:Latin
Publicado: Panormi : apud Ioannem Baptistam Maringum, 1626.
Materias:
Colección:Banco de datos
Acervo:Universidad Autónoma Benito Juárez de Oaxaca. Biblioteca Francisco de Burgoa. Colección antigua
Descripción Física:[4] h., 310 p., [20] h. ; f°
Tema general:Derecho civil
Notas:Portada tipográfica a dos tintas con escudo en grabado calcográfico y pleca en grabado xilográfico. Texto a dos columnas con paginación en números arábigos, reclamos y signaturas. Incluye cabecera de título con motivos arabescos en grabado xilográfico. Incluye capitulares con motivos florales en grabado xilográfico. Encuadernación en pergamino. Marca de fuego: Casa del Noviciado de la Compañía de Jesús de Oaxaca, Oax. Marca de fuego: Colegio de Santa Cruz de Antequera de Oaxaca, Oax. Ex libris manuscrito en la portada: "Nicolas del Puerto". Inscripción manuscrita en el canto inferior: "Cartag. de ben. deduc.ne Ege." Daños por polilla
LEADER 02373nam a22002050004500
035 |a 3613 
041 0 |a lat 
100 1 |a Castagna, Giovanni 
245 1 0 |a Tractatus de beneficio deducto ne egeat, sive, Quaestiones utiles, et praticabiles, seu aurea notabilia, de ijs, qui non tenentur ultra quam facere possint, iusta eorum qualitatem. [...] suis copiosissimis quotidianis, et necessariis ampliationibus, et fallentijs dictatus, ac nonnullis decisionibus, tàm M. R. C. quàm aliorum tribunalium suis locis per annotatis noviter impressus / authore Io. Castagna, Caesarei, Pontificiiq[ue] iuris Doctore, regio consiliario in Tribunali M. R. C. olim iudice, eiusdem tribunalis paupeum advocato, & regiarum triremium regnorum hispaniarum, regnique Siciliae generali auditore, ac urb. felicissim[a]e Panormi aerario fiscali, siculo panormitano. [...] advocatis, caeterisq[ue] in iure versantibus [...] fori, et magistratus, optimè utilis, et necessarius, cum suis summarijs, ac indice rerum omnium locupletissimo 
260 |a Panormi : apud Ioannem Baptistam Maringum, 1626. 
300 |a [4] h., 310 p., [20] h. ; f° 
500 |a Portada tipográfica a dos tintas con escudo en grabado calcográfico y pleca en grabado xilográfico. Texto a dos columnas con paginación en números arábigos, reclamos y signaturas. Incluye cabecera de título con motivos arabescos en grabado xilográfico. Incluye capitulares con motivos florales en grabado xilográfico. Encuadernación en pergamino. Marca de fuego: Casa del Noviciado de la Compañía de Jesús de Oaxaca, Oax. Marca de fuego: Colegio de Santa Cruz de Antequera de Oaxaca, Oax. Ex libris manuscrito en la portada: "Nicolas del Puerto". Inscripción manuscrita en el canto inferior: "Cartag. de ben. deduc.ne Ege." Daños por polilla 
504 |a Al final de la obra están el índice de cosas y materias y la fe de erratas 
650 1 0 |a Derecho civil 
700 1 |a Maringo, Giovanni Battista, ed. 
740 0 |a Quaestiones utiles, et praticabiles, seu aurea notabilia, de ijs, qui non tenentur ultra quam facere possint, iusta eorum qualitatem 
852 |a Universidad Autónoma "Benito Juárez" de Oaxaca, Biblioteca Francisco de Burgoa, Colección antigua 10186 
942 |c BURANT 
943 |g Universidad Autónoma Benito Juárez de Oaxaca. Biblioteca Francisco de Burgoa. Colección antigua 
999 |c 1114624  |d 1114624